Dve úvahy o tvarovaní témy Látkové a konštrukčné činitele pri modelovaní tematického sveta

Bibliographic Details
Main Author: Rakús, Stanislav, 1940- (Author)
Format: Article
Language:Slovak
PhysicalDescription:Lit. 2 zázn. v češ., slov.
ISSN:0231-6714
Subjects:

MARC

LEADER 00000nab a2200000 a 4500
001 vtls000550045
003 SK-MaSNL
005 20260304094843.0
008 250425c1995 xo 0 slo
015 |a SNBRB19rr/mm-uuuuu 
035 |a CL0550183 
035 |a urn:nbn:sk:snk-abf6ir 
035 |a (urnnbn)urn:nbn:sk:snk:ar-00028e 
035 |a (uuid)b7141934-6501-4936-87c9-5f29883f64e3 
040 |a SNKBUCL  |b slo  |c SNKBUCL  |e AACR2 
041 0 |a slo 
044 |a xo  |c SK 
080 |a 82.0:82-1/-9  |2 1981 
080 |a 82.0:801.6  |2 1981 
100 1 |a Rakús, Stanislav,  |d 1940-  |4 aut  |9 102105 
245 1 0 |a Dve úvahy o tvarovaní témy  |b Látkové a konštrukčné činitele pri modelovaní tematického sveta  |c Stanislav Rakús 
300 |b Lit. 2 zázn. v češ., slov. 
650 0 7 |a text umelecký  |2 snkbucl  |9 292422 
655 7 |a články z novín a časopisov  |2 snkbucl  |9 267496 
773 0 |t Romboid  |g Roč. 30, č. 4 (1995), s. 36-39  |x 0231-6714 
850 |a Slovenská národná knižnica 
852 |a Slovenská národná knižnica 
958 |a article23 
958 |a OND 
958 |a RK 
958 |a LX 
958 |a EUIPO 
992 |a RBX 
999 |c 2829299  |d 2831229